000 00915nam a2200253Ia 4500
008 130821s1987 sp gr spa
020 _a8474261309
040 _aCo-BoUCM
_bspa
041 0 0 _aspa
100 1 _aBataille, George
_d1897-1962
_9109518
245 0 3 _aLa parte maldita precedida de la noción de gasto
_cGeorge Bataille ; epílogo, traducción y notas Francisco Muñoz de Escalona
260 _aBarcelona (España)
_bEditorial ICARIA
_c1987
300 _a249 páginas
504 _aIncluye indice y bibliografia.
650 0 4 _aConsumo (Economía)
_911731
650 0 4 _aEconomía
_9174
650 0 4 _aHistoria económica
_9173
650 0 4 _aMacroeconomía
_918838
650 0 4 _aSistemas económicos
_924652
650 0 4 _aTeoría económica
_925318
700 1 _aMuñoz de Escalona, Francisco
_etrad.
_9157533
942 _cLIBRO
_2DEWEY
_a7
_e1
_h339.47
_mB328p
999 _c27398
_d27398